| 000 | 01162nam a2200313 c 4500 | ||
|---|---|---|---|
| 003 | BLK | ||
| 005 | 20250617120525.0 | ||
| 008 | 180408b bul|||||r ||||||| ||bul|| | ||
| 010 | _aKNG00049892000 | ||
| 040 | _aBLK | ||
| 041 |
_aBUL _cBUL |
||
| 080 |
_aАнглийска литература _b821.111 _x-31 _z821.111-31 |
||
| 100 | 1 |
_aЧейс, Джеймс Хадли _eпърви автор _9241644 |
|
| 700 | 1 |
_aМилева, Ралица _eпрев. от англ. _9253097 |
|
| 139 |
_aЧейс, Джеймс Хадли _bЧ 49 |
||
| 245 | 1 | 0 |
_aДа повярваш на лисица _bРоман _cДжеймс Хадли Чейс; прев. от англ. Ралица Милева. |
| 257 | _aUSA | ||
| 260 |
_аСофия _bПионер-Ананда _c1992 _fВраца : Полипринт |
||
| 300 |
_a228 с. _c17 см |
||
| 380 | _aX | ||
| 500 | _aОриг. загл. Trusted Like the Fox. - 30 000 тир. | ||
| 653 | _aкрими | ||
| 852 | _aЦб І 25527 | ||
| 856 | 4 |
_qpdf _u |
|
| 856 | 4 |
_qpdf _u |
|
| 942 |
_cKNG _n0 _07 |
||
| 944 |
_aCR _c10.05.2005 _k30530 _lМинев Младен |
||
| 944 |
_aED _c09.01.2007 _k |
||
| 999 |
_c46089 _d46089 |
||